[Event "ch-SCO"]
[Site "Edinburgh SCO"]
[Date "2009.07.11"]
[Round "1"]
[White "Arun Prasad,S"]
[Black "Tate,A"]
[Result "1-0"]
[WhiteElo "2556"]
[BlackElo "2195"]
[EventDate "2009.07.11"]

1. d4 Nf6 2. c4 c5 3. d5 b5 4. cxb5 a6 5. e3 axb5 6. Bxb5 Qa5+ 7. Nc3 Bb7
8. Nge2 Nxd5 9. O-O Nxc3 10. Nxc3 e6 11. e4 Be7 12. Qg4 O-O 13. Bh6 Bf6 14.
Bf4 Bxc3 15. bxc3 Bxe4 16. Be5 Bg6 17. a4 Rd8 18. Qg3 Na6 19. h4 f6 20. Bd6
Kh8 21. Qf3 h6 22. Qb7 Be8 23. Rfd1 Rdc8 24. c4 Nb4 25. Qe4 Qb6 26. Rab1
Nc6 27. Bf4 Qa5 28. Bd2 Qc7 29. Bc3 e5 30. Bxc6 Qxc6 31. Qxc6 Rxc6 32. a5
d6 33. Rb6 Rxb6 34. axb6 Bf7 35. Rxd6 Bxc4 36. Rc6 Ba6 37. Rxc5 Rb8 38. Ba5
Kg8 39. Rc7 Bb7 40. Bb4 Bd5 41. Bc5 Rb7 42. Rc8+ Kf7 43. Rd8 Bc6 44. f3 Bd7
45. Bd6 g5 46. Bc7 Be6 47. h5 g4 48. Kf2 Bf5 49. Ke3 gxf3 50. gxf3 Be6 51.
Ke4 Bc4 52. Rd7+ Ke6 53. Rd6+ Ke7 54. Kf5 Bf7 55. Rxf6 Bxh5 56. Kxe5 1-0

[Event "ch-SCO"]
[Site "Edinburgh SCO"]
[Date "2009.07.11"]
[Round "1"]
[White "Farrell,N"]
[Black "Markos,J"]
[Result "0-1"]
[WhiteElo "2191"]
[BlackElo "2555"]
[EventDate "2009.07.11"]

1. d4 Nf6 2. c4 g6 3. Nc3 Bg7 4. e4 O-O 5. Bg5 c5 6. d5 h6 7. Bd2 d6 8. Bd3
e6 9. Nge2 exd5 10. cxd5 Nbd7 11. O-O Ne5 12. Bc2 a6 13. a4 Re8 14. h3 Rb8
15. f4 Nc4 16. Bc1 b5 17. b3 b4 18. bxc4 bxc3 19. e5 dxe5 20. fxe5 Rxe5 21.
Nxc3 Rb4 22. Bd3 Nh5 23. Qf3 Re7 24. Ra3 f5 25. g4 Bd4+ 26. Kg2 fxg4 27.
hxg4 Nf6 28. g5 hxg5 29. Ne4 Nxe4 30. Bxe4 Qe8 31. Bd3 Rh7 32. Bxg6 Bh3+
33. Qxh3 Qe2+ 0-1

[Event "ch-SCO"]
[Site "Edinburgh SCO"]
[Date "2009.07.11"]
[Round "1"]
[White "Herbold,M"]
[Black "Motwani,P"]
[Result "0-1"]
[WhiteElo "2159"]
[BlackElo "2503"]
[EventDate "2009.07.11"]

1. e4 g6 2. h4 d5 3. exd5 Qxd5 4. Nc3 Qd6 5. Nge2 Nf6 6. d4 a6 7. Bf4 Qd8
8. Qd2 b5 9. f3 Bg7 10. Bh6 Bxh6 11. Qxh6 Bb7 12. O-O-O Qd6 13. Qe3 Nbd7
14. Nf4 c5 15. dxc5 Qxc5 16. Qxc5 Nxc5 17. Ncd5 Nxd5 18. Nxd5 Rc8 19. h5 g5
20. Ne3 e6 21. Ng4 Ke7 22. Bd3 f5 23. Ne5 Kf6 24. Rhe1 Rhd8 25. Bf1 Rxd1+
26. Kxd1 Rd8+ 27. Nd3 Rd4 28. Be2 Nxd3 29. cxd3 Rh4 30. Kd2 Rxh5 31. Kc3
Rh2 32. Rg1 Ke5 33. Bd1 Kf4 34. g3+ Ke3 35. Rf1 b4+ 36. Kxb4 Rxb2+ 37. Kc3
Rxa2 38. Bb3 Rd2 39. Bxe6 Rxd3+ 40. Kc4 Rd2 41. Bxf5 Bxf3 42. Kc3 h5 43.
Rxf3+ Kxf3 44. Kxd2 Kxg3 45. Ke2 g4 46. Bg6 h4 47. Bf5 h3 48. Kf1 h2 49.
Be4 a5 50. Ke2 a4 51. Kd3 Kf2 0-1

[Event "ch-SCO"]
[Site "Edinburgh SCO"]
[Date "2009.07.11"]
[Round "1"]
[White "Panchanathan,M"]
[Black "Surtees,M"]
[Result "1-0"]
[WhiteElo "2493"]
[BlackElo "2149"]
[EventDate "2009.07.11"]

1. e4 e6 2. d4 d5 3. Nd2 Nf6 4. e5 Nfd7 5. f4 c5 6. c3 Nc6 7. Ndf3 Qb6 8.
g3 cxd4 9. cxd4 Bb4+ 10. Kf2 f6 11. Kg2 g5 12. exf6 Nxf6 13. Bd3 g4 14. Ne5
Qxd4 15. Nxc6 1-0

[Event "ch-SCO"]
[Site "Edinburgh SCO"]
[Date "2009.07.12"]
[Round "2"]
[White "Rowson,J"]
[Black "Thomson,C"]
[Result "1-0"]
[WhiteElo "2591"]
[BlackElo "2320"]
[EventDate "2009.07.11"]

1. Nf3 Nf6 2. c4 c6 3. Nc3 d5 4. e3 a6 5. b3 Bf5 6. Be2 e6 7. Nh4 Bg6 8.
Bb2 Nbd7 9. O-O Ne4 10. Nxg6 hxg6 11. g3 Nd6 12. d3 Qg5 13. cxd5 cxd5 14.
e4 Qh6 15. h4 g5 16. h5 d4 17. Nb1 e5 18. Kg2 Be7 19. Nd2 O-O 20. Bg4 Nf6
21. Rc1 Nde8 22. Rh1 b5 23. Rc6 Nd6 24. Ba3 Rfd8 25. Bc5 Bf8 26. Bb6 Re8
27. Bc7 Nxg4 28. Qxg4 Qe6 29. Qxe6 Rxe6 30. Nf3 f6 31. Rhc1 Kf7 32. Bxd6
Bxd6 33. Kh3 Bf8 34. Rc7+ Re7 35. R7c6 Re6 36. Kg4 a5 37. Kf5 Rxc6 38. Rxc6
Be7 39. Rc7 a4 40. b4 a3 41. Ne1 Rh8 42. Kg4 Ke6 43. Nc2 Rb8 44. Rc6+ Bd6
45. Ra6 Rb7 46. Nxa3 Kd7 47. Ra5 Kc6 48. Nc2 Kb6 49. a4 bxa4 50. Rxa4 Rc7
51. Na3 Be7 52. Kf5 Bf8 1-0

[Event "ch-SCO"]
[Site "Edinburgh SCO"]
[Date "2009.07.12"]
[Round "2"]
[White "Eggleston,D"]
[Black "Arun Prasad,S"]
[Result "0-1"]
[WhiteElo "2341"]
[BlackElo "2556"]
[EventDate "2009.07.11"]

1. e4 c5 2. Nc3 d6 3. f4 Nc6 4. Bb5 g6 5. d4 cxd4 6. Qxd4 Nf6 7. e5 dxe5 8.
Qxd8+ Kxd8 9. fxe5 Nxe5 10. Bf4 Ned7 11. O-O-O a6 12. Be2 Ke8 13. Nf3 h5
14. Bc4 Bh6 15. Bxh6 Rxh6 16. Rhe1 b5 17. Bd5 Ra7 18. Ng5 Nxd5 19. Nxd5 e5
20. Ne4 Kf8 21. Nb4 Rh8 22. Nd6 Kg7 23. Re3 Nf6 24. Nc6 Rc7 25. Nxe5 Be6
26. Ra3 Nd5 27. Nexf7 Rxf7 28. Nxf7 Kxf7 29. Rxa6 Rc8 30. Rd2 Rc5 31. a3
Nc7 32. Rad6 Ke7 33. R6d4 Rf5 34. b3 Nd5 35. Kb2 Nb6 36. Rb4 Nd7 37. a4
bxa4 38. Rxa4 Nc5 39. Rad4 Re5 40. Rf4 Re1 41. h3 Ne4 42. Rd4 Nf6 43. b4
Re2 44. b5 Bf5 45. Rc4 Nd5 46. Rfd4 Ne3 47. Rc7+ Kf6 48. Rd6+ Ke5 49. Rdc6
Nd5 50. Ra7 Rxg2 51. h4 Nb4 52. Rcc7 Nxc2 53. Rc5+ Kd4 54. Rcc7 Ne3+ 55.
Kc1 Nc4 56. Kd1 Rb2 57. Ra4 Bc2+ 58. Ke1 Bxa4 0-1

[Event "ch-SCO"]
[Site "Edinburgh SCO"]
[Date "2009.07.12"]
[Round "2"]
[White "Motwani,P"]
[Black "Grant,J"]
[Result "1-0"]
[WhiteElo "2503"]
[BlackElo "2254"]
[EventDate "2009.07.11"]

1. e4 c6 2. d4 d5 3. e5 Bf5 4. h4 h5 5. Bd3 Bxd3 6. Qxd3 e6 7. Nf3 Ne7 8.
Bg5 Qb6 9. Nbd2 Nf5 10. O-O Nd7 11. c4 Qa6 12. Qc3 dxc4 13. Nxc4 Nb6 14.
Ne3 Nxe3 15. fxe3 Qc4 16. Qd2 Bb4 17. Qf2 Qd3 18. a3 Bf8 19. Ne1 Qg6 20.
Nd3 Be7 21. Nf4 Qf5 22. e4 Qg4 23. Ng6 Bxg5 24. Qxf7+ Kd8 25. hxg5 Re8 26.
Qxb7 Qxe4 27. Rf7 Qxd4+ 28. Kh2 Rc8 29. Qxa7 1-0

[Event "ch-SCO"]
[Site "Edinburgh SCO"]
[Date "2009.07.12"]
[Round "2"]
[White "Berry,N"]
[Black "Panchanathan,M"]
[Result "0-1"]
[WhiteElo "2313"]
[BlackElo "2493"]
[EventDate "2009.07.11"]

1. d4 Nf6 2. c4 e6 3. Nc3 Bb4 4. Qc2 O-O 5. a3 Bxc3+ 6. Qxc3 b6 7. Bg5 Bb7
8. e3 d6 9. Ne2 Nbd7 10. Qc2 h6 11. Bh4 c5 12. Rd1 Qe7 13. Nc3 cxd4 14.
Rxd4 Rfd8 15. f3 Ne5 16. Be2 Ng6 17. Bf2 e5 18. Rd1 d5 19. cxd5 Nxd5 20.
Nxd5 Bxd5 21. O-O Qe6 22. Ba6 e4 23. f4 Bb3 24. Rxd8+ Rxd8 25. Qc3 Qd5 26.
Qb4 Nf8 27. Bh4 f6 28. Rc1 Ne6 29. Bb7 Qxb7 30. Qxb3 Qd5 31. Qc3 Nc5 32.
Bf2 Nd3 33. Rd1 Kh7 34. h3 Rd6 35. Qc8 Rc6 36. Qb7 Qd6 37. Be1 Qc5 38. Kh2
f5 39. Bc3 Rg6 40. Bd4 Qc2 41. Rg1 Qf2 42. Qf7 Qg3+ 43. Kh1 Nf2+ 0-1

[Event "ch-SCO"]
[Site "Edinburgh SCO"]
[Date "2009.07.12"]
[Round "2"]
[White "White,Mi"]
[Black "Hebden,M"]
[Result "0-1"]
[WhiteElo "2259"]
[BlackElo "2468"]
[EventDate "2009.07.11"]

1. e4 e5 2. Nf3 Nc6 3. d4 exd4 4. Nxd4 Nf6 5. Nxc6 bxc6 6. e5 Qe7 7. Qe2
Nd5 8. c4 Nb6 9. Nc3 a5 10. Qe4 g6 11. Bd3 Bg7 12. O-O O-O 13. f4 Ba6 14.
Kh1 f5 15. exf6 Qxf6 16. c5 d5 17. Qf3 Bxd3 18. Qxd3 Nc4 19. Rb1 Rab8 20.
Nd1 Qd4 21. Qc2 Ne5 22. Nf2 Nd7 23. Nd3 Qc4 24. Rf2 Rbe8 25. b3 Qe4 26. Ba3
Bd4 27. Rff1 Qe2 28. Rbc1 Re3 29. Rfd1 Rfe8 30. Qxe2 Rxe2 31. Re1 R8e3 32.
Rxe2 Rxe2 33. Re1 Rxa2 34. Bc1 Nxc5 0-1

[Event "ch-SCO"]
[Site "Edinburgh SCO"]
[Date "2009.07.12"]
[Round "2"]
[White "Hayes,S"]
[Black "Morrison,G SCO"]
[Result "0-1"]
[WhiteElo "1997"]
[BlackElo "2366"]
[EventDate "2009.07.11"]

1. d4 Nf6 2. c4 e6 3. Nc3 Bb4 4. Qc2 O-O 5. Bg5 c5 6. a3 Bxc3+ 7. bxc3 d6
8. Nf3 Nbd7 9. g3 b6 10. Bg2 Bb7 11. O-O Qc7 12. Rac1 Rac8 13. Qa2 Ne4 14.
d5 Rce8 15. a4 a5 16. Rfd1 f5 17. dxe6 Rxe6 18. Bf4 h6 19. h4 Ndf6 20. Qb2
Bc6 21. Qb3 Nh5 22. Bd2 Rg6 23. Rb1 Rb8 24. Nh2 Qe7 25. Be1 Nf4 26. Nf3
Nxg2 27. Kxg2 Nxg3 28. fxg3 Qxe2+ 0-1

[Event "ch-SCO"]
[Site "Edinburgh SCO"]
[Date "2009.07.13"]
[Round "3"]
[White "Panchanathan,M"]
[Black "Rowson,J"]
[Result "1-0"]
[WhiteElo "2493"]
[BlackElo "2591"]
[EventDate "2009.07.11"]

1. e4 c5 2. Nf3 e6 3. d4 cxd4 4. Nxd4 a6 5. Bd3 Bc5 6. Nb3 Be7 7. O-O d6 8.
c4 Nf6 9. Nc3 b6 10. f4 Nbd7 11. Qe2 Bb7 12. Kh1 Qc7 13. Bd2 h5 14. Nd4 g6
15. f5 gxf5 16. exf5 e5 17. Ne6 fxe6 18. fxe6 Nf8 19. Bg5 Rg8 20. Bxf6
Bxg2+ 21. Qxg2 Rxg2 22. Nd5 Qc5 23. Bxe7 Nxe6 24. Kxg2 Kd7 25. Bf5 Qa5 26.
Bxe6+ Kxe6 27. Rf6+ Kd7 28. Rxd6+ Ke8 29. Rf1 Qd2+ 30. Kh1 1-0

[Event "ch-SCO"]
[Site "Edinburgh SCO"]
[Date "2009.07.13"]
[Round "3"]
[White "Hebden,M"]
[Black "Markos,J"]
[Result "1/2-1/2"]
[WhiteElo "2468"]
[BlackElo "2555"]
[EventDate "2009.07.11"]

1. d4 Nf6 2. Nf3 e6 3. e3 c5 4. Bd3 d5 5. b3 Nbd7 6. Bb2 g6 7. O-O Bg7 8.
c4 O-O 9. Nc3 b6 10. cxd5 exd5 11. Rc1 Bb7 12. dxc5 Nxc5 13. Ne2 Rc8 14.
Nf4 Qe7 15. Be2 Rfd8 16. Nd4 a6 17. Rc2 Nce4 18. Rxc8 Rxc8 19. Bd3 Nd7 20.
Qa1 Be5 21. Nf3 Bxb2 22. Qxb2 Qf6 23. Qxf6 Ndxf6 24. Nd4 Kf8 25. f3 Nc3 26.
Ra1 Nd7 27. h4 Ne5 28. Kf2 a5 29. Ke1 Nxd3+ 30. Nxd3 Ba6 31. Ne5 Ke7 32.
Kd2 Nb5 33. Nec6+ Kd6 34. Nxb5+ Bxb5 35. Nd4 Bd7 36. g4 h6 37. a3 Ra8 38.
Rh1 Rc8 39. g5 hxg5 40. hxg5 Re8 41. Rh7 Be6 42. Rh4 Ke7 43. Rf4 Rh8 44.
Rf6 Rh2+ 45. Kc3 a4 46. bxa4 Rh1 47. f4 Ra1 48. Nxe6 fxe6 49. Rxg6 Rxa3+
50. Kd2 Rxa4 51. Rg7+ Kd6 52. Rb7 Ra2+ 53. Kd3 Kc5 54. Rc7+ 1/2-1/2

[Event "ch-SCO"]
[Site "Edinburgh SCO"]
[Date "2009.07.13"]
[Round "3"]
[White "Morrison,G SCO"]
[Black "Motwani,P"]
[Result "1/2-1/2"]
[WhiteElo "2366"]
[BlackElo "2503"]
[EventDate "2009.07.11"]

1. d4 e6 2. c4 Bb4+ 3. Bd2 Bxd2+ 4. Qxd2 f5 5. g3 Nf6 6. Nc3 O-O 7. Bg2 d6
8. Nf3 Qe7 9. O-O c6 10. Rad1 e5 11. dxe5 dxe5 12. Qd6 Qxd6 13. Rxd6 e4 14.
Ng5 Re8 15. f3 h6 16. Nh3 exf3 17. exf3 Nbd7 1/2-1/2

[Event "ch-SCO"]
[Site "Edinburgh SCO"]
[Date "2009.07.13"]
[Round "3"]
[White "Arakhamia,K"]
[Black "Neave,G"]
[Result "1-0"]
[WhiteElo "2506"]
[BlackElo "2090"]
[EventDate "2009.07.11"]

1. e4 c5 2. Nf3 Nc6 3. d4 cxd4 4. Nxd4 Nf6 5. Nc3 e5 6. Ndb5 d6 7. Bg5 a6
8. Na3 b5 9. Nd5 Be7 10. Bxf6 Bxf6 11. c3 O-O 12. Nc2 Bg5 13. Be2 Bb7 14.
a4 bxa4 15. Rxa4 a5 16. O-O Nb8 17. Bb5 Nd7 18. Bxd7 Qxd7 19. b3 Bc6 20.
Ra3 Qb7 21. c4 f5 22. exf5 Rxf5 23. Qd3 Rf7 24. Rd1 Raf8 25. f3 Qa7+ 26.
Kh1 Qf2 27. Ra2 e4 28. Qxe4 Re8 29. Qd4 Rxf3 30. Qxf2 Rxf2 31. Ncb4 Rxa2
32. Nxa2 Bxd5 33. cxd5 Re2 34. Nc3 Rb2 35. Ne4 Bf4 36. g3 Be5 37. Rd3 h6
38. Nd2 Rb1+ 1-0

[Event "ch-SCO"]
[Site "Edinburgh SCO"]
[Date "2009.07.13"]
[Round "3"]
[White "Mitchell,M"]
[Black "Shaw,J"]
[Result "1-0"]
[WhiteElo "2147"]
[BlackElo "2462"]
[EventDate "2009.07.11"]

1. d4 d5 2. c4 c6 3. cxd5 cxd5 4. Nf3 Nc6 5. Nc3 Nf6 6. Bf4 e6 7. e3 Be7 8.
Bd3 Nh5 9. Be5 f6 10. Bg3 Nxg3 11. hxg3 f5 12. Rc1 Bd7 13. g4 fxg4 14. Ne5
Nxe5 15. dxe5 Qb8 16. Rh5 g5 17. Nxd5 exd5 18. Bg6+ Kf8 19. Qxd5 Be8 20.
Rxh7 Rxh7 21. Bxh7 Bf7 22. e6 Qd6 23. Qxd6 Bxd6 24. exf7 Kxf7 25. Be4 g3
26. Bxb7 Rb8 27. Bd5+ Ke7 28. Rc2 Be5 29. b3 Kd6 30. Bf3 gxf2+ 31. Kxf2 Ke7
32. Rc5 Kd6 33. Rc6+ Ke7 34. Ra6 Rg8 35. Rxa7+ Kd6 36. Ra6+ Ke7 37. Ke2 Bd6
38. Bd5 Rc8 39. Rc6 Rb8 40. a4 Rh8 41. a5 Rh1 42. a6 Ra1 43. Rb6 Bc5 44.
Rg6 Ra2+ 45. Kf3 Ra3 46. Bc4 1-0

[Event "ch-SCO"]
[Site "Edinburgh SCO"]
[Date "2009.07.13"]
[Round "3"]
[White "Gourlay,I"]
[Black "Montgomery,R"]
[Result "1-0"]
[WhiteElo "2349"]
[BlackElo "1944"]
[EventDate "2009.07.11"]

1. Nf3 Nf6 2. g3 g6 3. b4 Bg7 4. Bb2 O-O 5. Bg2 d6 6. c4 c6 7. O-O Nbd7 8.
d3 Qc7 9. Nbd2 Rb8 10. Qc2 b6 11. Nd4 Bb7 12. b5 c5 13. Nc6 Bxc6 14. Bxc6
e6 15. Bg2 d5 16. a4 dxc4 17. Nxc4 Ne8 18. Bxg7 Nxg7 19. Qb2 Nf5 20. Rfc1
Nd6 21. Ne3 Nb7 22. Bc6 Na5 23. Bxd7 Qxd7 24. Ng4 Qd4 25. Qxd4 cxd4 26. Rc7
Nb3 27. Rb1 Nc5 28. Rb4 e5 29. Nxe5 Rbe8 30. Nd7 Nxd7 31. Rxd7 Rxe2 32.
Rbxd4 Rc8 33. Rf4 f5 34. Rc4 Rce8 35. Rcc7 Ra2 36. Rg7+ Kh8 37. Rxh7+ Kg8
38. Rcg7+ Kf8 39. Rxa7 Kg8 40. Rhb7 Re1+ 41. Kg2 1-0

[Event "ch-SCO"]
[Site "Edinburgh SCO"]
[Date "2009.07.13"]
[Round "3"]
[White "Schmerwitz,R"]
[Black "Eggleston,D"]
[Result "0-1"]
[WhiteElo "1940"]
[BlackElo "2341"]
[EventDate "2009.07.11"]

1. e4 c5 2. Nf3 d6 3. d4 cxd4 4. Nxd4 Nf6 5. Nc3 a6 6. f4 e5 7. Nf3 Nbd7 8.
Bd3 Be7 9. Qe2 O-O 10. fxe5 dxe5 11. O-O Nc5 12. Kh1 Qc7 13. Bg5 Be6 14.
Nd5 Bxd5 15. exd5 e4 16. Nd4 exd3 17. cxd3 Nxd5 18. Bd2 Bf6 19. Nf5 Ne6 20.
Qf3 Qd7 21. Qg3 Kh8 22. Rf3 Nd4 23. Nxd4 Bxd4 24. Qh4 Bf6 25. Qh5 g6 26.
Qh6 Bg7 27. Qh4 h5 28. Raf1 Kg8 29. Qf2 Rae8 0-1

[Event "ch-SCO"]
[Site "Edinburgh SCO"]
[Date "2009.07.13"]
[Round "3"]
[White "Martin,K"]
[Black "Khamroev,R"]
[Result "1-0"]
[WhiteElo "1906"]
[BlackElo "2225"]
[EventDate "2009.07.11"]

1. e4 d5 2. exd5 Qxd5 3. Nf3 Nf6 4. d4 Bg4 5. Be2 Nc6 6. c4 Qa5+ 7. Nc3
O-O-O 8. Be3 e5 9. d5 Bc5 10. O-O Bxe3 11. fxe3 Qc5 12. Qc1 Bxf3 13. Rxf3
Ne7 14. b4 Qxb4 15. Rb1 Qa5 16. Rb5 Qa6 17. Rb4 c5 18. Ra4 Qb6 19. Qa3 a6
20. Ra5 Kb8 21. Rxc5 e4 22. Rf1 Nd7 23. Ra5 Qxe3+ 24. Kh1 Rc8 25. Rb1 Nc5
26. Qb4 Nf5 27. Rxc5 b5 1-0

[Event "ch-SCO"]
[Site "Edinburgh SCO"]
[Date "2009.07.14"]
[Round "4"]
[White "Kjartansson,G"]
[Black "Panchanathan,M"]
[Result "1-0"]
[WhiteElo "2356"]
[BlackElo "2493"]
[EventDate "2009.07.11"]

1. Nf3 Nf6 2. c4 e6 3. Nc3 Bb4 4. g4 O-O 5. g5 Ne8 6. Qc2 d5 7. a3 Be7 8.
d4 b6 9. e4 dxc4 10. Bxc4 c5 11. d5 Nd6 12. Ba2 e5 13. Rg1 f5 14. gxf6 Bxf6
15. Be3 Nd7 16. O-O-O b5 17. Ng5 Bxg5 18. Rxg5 b4 19. Rdg1 bxc3 20. Rxg7+
Kh8 21. f4 cxb2+ 22. Qxb2 Ne8 23. Qg2 Ndf6 24. d6 c4 25. Bxc4 Bg4 26. Rxg4
Nxg4 27. Qxg4 h6 28. fxe5 Qc8 29. Qe6 Qxe6 30. Bxe6 Ng7 31. Bd5 Rac8+ 32.
Kd2 Kh7 33. e6 Rb8 34. Bd4 1-0

[Event "ch-SCO"]
[Site "Edinburgh SCO"]
[Date "2009.07.14"]
[Round "4"]
[White "Markos,J"]
[Black "Summerscale,A"]
[Result "1-0"]
[WhiteElo "2555"]
[BlackElo "2454"]
[EventDate "2009.07.11"]

1. d4 f5 2. Bg5 g6 3. Nc3 Bg7 4. e4 fxe4 5. Nxe4 d5 6. Nc3 Nh6 7. Nf3 Nf7
8. h4 Bg4 9. Be2 Nc6 10. Be3 Qd7 11. Qd2 Nd6 12. Ne5 Nxe5 13. dxe5 Bxe5 14.
Bd4 Nf7 15. Bxe5 Nxe5 16. Qd4 Qe6 17. Qxd5 Qxd5 18. Nxd5 O-O-O 19. Ne3 Be6
20. f4 Nc6 21. h5 Rhf8 22. hxg6 hxg6 23. g3 g5 24. fxg5 Rg8 25. Rh6 Bf7 26.
Bg4+ Kb8 27. Bh5 Ne5 28. Ke2 Rxg5 29. Bxf7 Nxf7 30. Rh7 Nd6 31. g4 Re5 32.
Rd1 Kc8 33. Rd5 Re6 34. b3 c6 35. Rd1 Rf8 36. Rdh1 Ne4 37. Rh8 Ng3+ 38. Kd3
Rxh8 39. Rxh8+ Kd7 40. Nc4 b5 41. Nd2 Re1 42. Nf3 Re2 43. Rh3 Rg2 44. Nh4
Rg1 45. Ke3 Nh1 46. Nf3 Ra1 47. g5 Ke6 48. Kf4 Rf1 49. Rh6+ Kf7 50. Rxc6
Nf2 51. Ne5+ Kg7 52. Rc7 Nd3+ 53. Ke4 Nxe5 54. Kxe5 Kg6 55. Rxe7 Rc1 56.
Rc7 a5 57. c4 a4 58. Rc6+ Kxg5 59. cxb5 Re1+ 60. Kd5 1-0

[Event "ch-SCO"]
[Site "Edinburgh SCO"]
[Date "2009.07.14"]
[Round "4"]
[White "Motwani,P"]
[Black "Mitchell,M"]
[Result "1-0"]
[WhiteElo "2503"]
[BlackElo "2147"]
[EventDate "2009.07.11"]

1. e4 g6 2. d4 Bg7 3. c4 d6 4. Nc3 e5 5. dxe5 dxe5 6. Qxd8+ Kxd8 7. f4 Nc6
8. Nf3 Be6 9. fxe5 Nxe5 10. Bf4 Nxc4 11. O-O-O+ Kc8 12. Ng5 b5 13. Nxb5 Be5
14. Nxe6 fxe6 15. Bxc4 Bxf4+ 16. Kc2 Nf6 17. Rhf1 Be5 18. Nd4 Kb7 19. Nxe6
Rhe8 20. Nc5+ Kb6 21. Rxf6+ 1-0

[Event "ch-SCO"]
[Site "Edinburgh SCO"]
[Date "2009.07.14"]
[Round "4"]
[White "McNab,C"]
[Black "Poobalasingam,P"]
[Result "1-0"]
[WhiteElo "2474"]
[BlackElo "2224"]
[EventDate "2009.07.11"]

1. c4 Nf6 2. g3 g6 3. Bg2 d5 4. cxd5 Nxd5 5. Nc3 Nb6 6. d3 Bg7 7. Be3 Nc6
8. Rc1 Nd4 9. Qd2 Nf5 10. Bc5 O-O 11. Nf3 Nd7 12. Ba3 Ne5 13. Nxe5 Bxe5 14.
O-O c6 15. Rfd1 Bg7 16. b3 Re8 17. e3 Qa5 18. Bb2 Nd6 19. d4 Qh5 20. Ne2 g5
21. Rc5 Bg4 22. Re1 f5 23. d5 Ne4 24. Bxe4 fxe4 25. Bxg7 Bf3 26. h4 Qg4 27.
Kh2 gxh4 28. Nf4 hxg3+ 29. fxg3 Qxg7 30. dxc6 Rad8 31. Qf2 e5 32. c7 Rd6
33. c8=Q 1-0

[Event "ch-SCO"]
[Site "Edinburgh SCO"]
[Date "2009.07.14"]
[Round "4"]
[White "Martin,K"]
[Black "Hebden,M"]
[Result "0-1"]
[WhiteElo "1906"]
[BlackElo "2468"]
[EventDate "2009.07.11"]

1. e4 e5 2. Nf3 Nc6 3. Bb5 a6 4. Ba4 Nf6 5. O-O Be7 6. Re1 b5 7. Bb3 O-O 8.
c3 d6 9. h3 a5 10. d4 a4 11. Bc2 Bd7 12. Nbd2 Re8 13. Nf1 h6 14. Ng3 Bf8
15. Be3 Na5 16. b3 axb3 17. axb3 b4 18. cxb4 Nc6 19. Qd2 Rxa1 20. Rxa1 Qb8
21. dxe5 dxe5 22. Bc5 Nxb4 23. Bxf8 Kxf8 24. Rc1 Qb6 25. Qc3 Na2 26. Qb2
Nxc1 27. Qxc1 Qc5 28. Qb2 Bc6 29. Bb1 g6 30. Qd2 Kg7 31. Nh4 Kh7 32. b4 Qe7
33. Qc3 Rd8 34. Qxc6 Rd1+ 35. Nf1 Rxb1 36. b5 Qd6 37. Qc4 Kg7 38. Kh2 Qd4
39. Ne3 Qxc4 40. Nxc4 0-1

[Event "ch-SCO"]
[Site "Edinburgh SCO"]
[Date "2009.07.14"]
[Round "4"]
[White "Buchanan,W"]
[Black "Arun Prasad,S"]
[Result "0-1"]
[WhiteElo "2128"]
[BlackElo "2556"]
[EventDate "2009.07.11"]

1. b3 d5 2. Bb2 Nf6 3. e3 g6 4. f4 Bg7 5. Nf3 O-O 6. Be2 c5 7. O-O Nc6 8.
Ne5 d4 9. Nxc6 bxc6 10. Na3 Nd5 11. e4 d3 12. Bxg7 dxe2 13. Qxe2 Kxg7 14.
exd5 cxd5 15. Rae1 e6 16. Qe3 Qa5 17. Nb1 Qxa2 18. Qxc5 Ba6 19. Rf3 Rfc8
20. Qd4+ Kg8 21. f5 exf5 22. Nc3 Qb2 23. Qh4 Qxc2 24. Qh6 Re8 25. Ra1 f6
26. Rh3 Re7 27. Nxd5 Qc5+ 28. Re3 Qxd5 29. Rxe7 Qd4+ 30. Qe3 Qxa1+ 31. Kf2
Qf1+ 32. Kg3 Qd3 0-1

[Event "ch-SCO"]
[Site "Edinburgh SCO"]
[Date "2009.07.14"]
[Round "4"]
[White "Greet,A"]
[Black "Pyrich,G"]
[Result "1-0"]
[WhiteElo "2443"]
[BlackElo "2036"]
[EventDate "2009.07.11"]

1. e4 e6 2. d4 d5 3. Nc3 Bb4 4. e5 c5 5. a3 Bxc3+ 6. bxc3 Ne7 7. Qg4 Qc7 8.
Qxg7 Rg8 9. Qxh7 cxd4 10. Ne2 Nbc6 11. f4 dxc3 12. Qd3 d4 13. Nxd4 Nxd4 14.
Qxd4 Nf5 15. Bb5+ Bd7 16. Qxd7+ Qxd7 17. Bxd7+ Kxd7 18. Kf2 Kc6 19. Rb1 Nd4
20. Rd1 Nxc2 21. Rb3 Rac8 22. Rxc3+ Kb6 23. Rb3+ Kc7 24. Bb2 a6 25. Rd2 1-0

[Event "ch-SCO"]
[Site "Edinburgh SCO"]
[Date "2009.07.14"]
[Round "4"]
[White "Eggleston,D"]
[Black "Oswald,D"]
[Result "1-0"]
[WhiteElo "2341"]
[BlackElo "1998"]
[EventDate "2009.07.11"]

1. e4 c5 2. Nf3 d6 3. d4 cxd4 4. Nxd4 Nf6 5. Nc3 g6 6. Be3 Bg7 7. f3 Nc6 8.
Qd2 Bd7 9. O-O-O Rc8 10. g4 Ne5 11. g5 Nh5 12. f4 Nc4 13. Bxc4 Rxc4 14. f5
O-O 15. Nce2 Qc7 16. Ng3 Nxg3 17. hxg3 Rc8 18. Qh2 Kf8 19. Rd2 Ba4 20. b3
Rc3 21. Qf2 Bd7 22. f6 exf6 23. gxf6 Bh8 24. Rxh7 Kg8 25. Rxh8+ Kxh8 26.
Qh2+ Kg8 27. Qh6 1-0

[Event "ch-SCO"]
[Site "Edinburgh SCO"]
[Date "2009.07.14"]
[Round "4"]
[White "Giulian,R"]
[Black "Thomson,C"]
[Result "0-1"]
[WhiteElo "2011"]
[BlackElo "2320"]
[EventDate "2009.07.11"]

1. e4 c6 2. d4 d5 3. e5 Bf5 4. h4 h6 5. Bd3 Bxd3 6. Qxd3 e6 7. Nf3 Nd7 8.
O-O Ne7 9. c4 dxc4 10. Qxc4 Nb6 11. Qe2 Nf5 12. Qe4 Qd7 13. g4 Ne7 14. Nc3
h5 15. g5 Nf5 16. Be3 Rd8 17. Rad1 Nd5 18. Ne2 Be7 19. a3 a5 20. Rd3 g6 21.
Rc1 Qc7 22. Rd2 Qb6 23. Rdc2 Rd7 24. Nf4 Nxf4 25. Qxf4 Rd5 26. Qe4 O-O 27.
Rd2 Rfd8 28. Rc4 Qb5 29. Qc2 R5d7 30. Rd3 Qd5 31. Bd2 c5 32. Bxa5 b5 33.
Rcc3 c4 34. Rd2 Ra8 35. Bb6 b4 36. Rxc4 Qxf3 37. Rc8+ Kg7 0-1

[Event "ch-SCO"]
[Site "Edinburgh SCO"]
[Date "2009.07.14"]
[Round "4"]
[White "Berry,N"]
[Black "Mollison,J"]
[Result "1-0"]
[WhiteElo "2313"]
[BlackElo "1892"]
[EventDate "2009.07.11"]

1. d4 e6 2. e4 d5 3. Nd2 dxe4 4. Nxe4 Nd7 5. Nf3 Ngf6 6. Bd3 Nxe4 7. Bxe4
Nf6 8. Bg5 Be7 9. Bxf6 Bxf6 10. Qd3 c6 11. O-O-O h6 12. h4 Bd7 13. Kb1 Qc7
14. Ne5 Bxe5 15. dxe5 Rd8 16. Qg3 O-O 17. Rd6 c5 18. Rhd1 Bb5 19. c3 Rd7
20. c4 Rxd6 21. exd6 1-0

[Event "ch-SCO"]
[Site "Edinburgh SCO"]
[Date "2009.07.14"]
[Round "4"]
[White "Burnett,W"]
[Black "Lyell,M"]
[Result "1-0"]
[WhiteElo "2018"]
[BlackElo "2288"]
[EventDate "2009.07.11"]

1. Nf3 f5 2. e4 fxe4 3. Ng5 Nf6 4. d3 Nc6 5. Nc3 e5 6. dxe4 h6 7. Nf3 Bc5
8. Bc4 d6 9. h3 Qe7 10. O-O Be6 11. Bxe6 Qxe6 12. Nd5 O-O-O 13. Qd3 Rhf8
14. Rb1 Nb4 15. Nxb4 Bxb4 16. c4 Nh5 17. a3 Bc5 18. b4 Bb6 19. a4 a5 20.
bxa5 Bxa5 21. Qb3 b6 22. Qb5 Nf6 23. Bd2 Qe8 24. Qa6+ Kd7 25. Bxa5 bxa5 26.
Qxa5 Ra8 27. Qb5+ Ke6 28. Qxe8+ Rfxe8 29. Nd2 Rxa4 30. f4 Ra2 31. f5+ Kd7
32. Rfd1 Rea8 33. c5 R8a7 34. cxd6 cxd6 35. Nc4 Nxe4 36. Nxe5+ Ke8 37. Rb8+
Ke7 38. Nc6+ Kf6 39. Nxa7 Rxa7 40. Rf8+ Ke5 41. Re8+ 1-0

[Event "ch-SCO"]
[Site "Edinburgh SCO"]
[Date "2009.07.15"]
[Round "5"]
[White "Markos,J"]
[Black "Kjartansson,G"]
[Result "1-0"]
[WhiteElo "2555"]
[BlackElo "2356"]
[EventDate "2009.07.11"]

1. Nf3 Nf6 2. g3 d5 3. Bg2 c6 4. O-O Bg4 5. d3 Nbd7 6. h3 Bh5 7. Qe1 e5 8.
e4 dxe4 9. dxe4 Bxf3 10. Bxf3 Bc5 11. a4 a6 12. a5 O-O 13. Na3 Qc7 14. Nc4
Rfd8 15. Qe2 Ne8 16. Bg5 Ndf6 17. Bg2 h6 18. Bd2 Qe7 19. Kh2 Nd6 20. Bc3
Nxc4 21. Qxc4 Rd7 22. Rae1 Rad8 23. f4 exf4 24. gxf4 Ng4+ 25. hxg4 Qh4+ 26.
Bh3 Bf2 27. Rxf2 Qxf2+ 28. Bg2 Qxf4+ 29. Kh3 Qg5 30. Qe2 f6 31. Qf3 Kh8 32.
e5 fxe5 33. Rxe5 Qg6 34. Qe3 Rf8 35. Be4 Qf7 36. Rf5 Qe8 37. Qxh6+ Kg8 38.
Rg5 1-0

[Event "ch-SCO"]
[Site "Edinburgh SCO"]
[Date "2009.07.15"]
[Round "5"]
[White "Hebden,M"]
[Black "Motwani,P"]
[Result "1-0"]
[WhiteElo "2468"]
[BlackElo "2503"]
[EventDate "2009.07.11"]

1. d4 Nf6 2. Nf3 d6 3. Nc3 Nbd7 4. e4 e5 5. Bc4 Be7 6. O-O O-O 7. a4 c6 8.
Re1 b6 9. d5 cxd5 10. Nxd5 Bb7 11. b3 Rc8 12. Re2 Nxd5 13. Bxd5 Ba6 14. c4
Nf6 15. Ba3 Qd7 16. Ne1 Nxd5 17. Qxd5 Bb7 18. Qd3 f5 19. exf5 e4 20. Qh3 d5
21. Bxe7 Qxe7 22. cxd5 Rc5 23. Nc2 Rxd5 24. Ne3 Rc5 25. Qg3 Kh8 26. Rd2 Bc8
27. Qd6 Qxd6 28. Rxd6 Bxf5 29. b4 Rcc8 30. h4 Bg6 31. a5 Rfd8 32. Rxd8+
Rxd8 33. axb6 axb6 34. Ra6 Rb8 35. Kh2 Kg8 36. Kg3 Kf7 37. Ra7+ Kf6 38. Kf4
Rd8 39. Rb7 Rf8 40. Rxb6+ Ke7+ 41. Kg3 1-0